000 00354pam a2200157a 44500
008 230515b2011 xxu||||| |||| 00| 0 eng d
020 _a9788187433545
041 _aENGLISH
082 _a0
100 _aRAMAMRUTHAM
245 _aSTRENGTH OF MATERIAL
250 _a0
260 _aNEW DELHI
_bDANPAT RAI
_c2011
300 _a1279
650 _aNULL
999 _c601463
_d601463